000
00296nam a2200109 4500
999
_c
11124
_d
11124
008
181012b ||||| |||| 00| 0 eng d
245
_a
Making youth leadership fashionable.
260
_a
Davao City
_b
Sun Star Davao
_c
c2018
300
_a
page B2.
650
0
_9
32152
_a
Leadership.
942
_2
ddc
_c
PER